000 03439cam a2200433 i 4500
999 _c64871
_d64871
001 a4412563
003 SpMaBN
005 20190308113458.0
008 090120t20082007inu g |||| 001 0 eng
020 _a9780268029739
020 _a0268029733
040 _aSpMaBN
_bspa
_cCO-MdFUSB
_erdc
_dCO-MdFUSBC
041 _aeng
080 _a314.7:28
080 _a314.15(73):314.7
080 _a268-054.72
080 _a308-054.72(=1.72:73)
082 _223
_aG 259.086
_bP965p
245 1 2 _aA promised land, a perilous journey
_b: theological perspectives on migration
_c/ editado por Daniel G. Groody y Gioacchino Campese
264 1 _aNotre Dame, Indiana :
_bUniversity of Notre Dame Press,
_c℗[2007]
264 4 _c©2008
300 _aXXVII, 332 páginas ;
_c23 cm
336 _2rdacontent
_atexto
_btxt
337 _2rdamedia
_asin mediación
_bn
338 _2rdacarrier
_avolumen
_bnc
501 _aIncluye índices (páginas 320- 332)
505 _aParte 1: Fundamentos de una teología de la migración -- Fe para el viaje: La religión como recurso para los migrantes / Jacqueline Hagan -- Amados extranjeros y exiliados: Perspectivas del Nuevo Testamento sobre la migración / Donald Senior -- Migración en la era patrística: Historia y teología / Peter C. Phan -- Dios en el desierto: Buscando lo divino en medio de la muerte / Alex Nava -- Pobreza, migración y la opción por los pobres / Gustavo Gutiérrez -- Parte 2: Misión, ministerio y migración -- Misión entre migrantes, misión de migrantes: Misión de la iglesia / Stephen Bevans -- Migrantes y el ministerio de reconciliación / Robert Schreiter -- Por el amor de los migrantes: La tradición Scalabriniana / Giovanni Graziano Tassello -- Los noventa y nueve ovejas y la misión de la iglesia: El cuidado pastoral de los inmigrantes hispanos / Patrick Murphy -- La historia de las fronteras humanas / Robin Hoover -- Parte 3: La política de derechos soberanos, derechos culturales y derechos humanos -- Migración y dignidad humana: de políticas de exclusión a políticas basadas en derechos humanos / Graziano Battistella -- Los derechos naturales de los migrantes y recién llegados: un desafío a la ley de los Estados Unidos y política / Donald Kerwin -- La hermenéutica y la política de los extraños: una contribución filosófica sobre el desafío de la convivencia en las sociedades multiculturales / Raúl Fornet-Betancourt -- El género del riesgo: la violencia sexual contra las mujeres indocumentadas / Olivia Ruiz Marrujo -- Parte 4: Teologías constructivas de la inmigración - Una teología de la migración: hacia una metodología intercultural / Jorge E. Castillo Guerra -- ¿Cuantos mas? Los pueblos crucificados en la frontera de Estados Unidos y México / Gioacchino Campese -- Fruto de la vid y el trabajo de manos humanas: Inmigración y eucaristía / Daniel G. Groody
650 7 _aEmigración e inmigración
_xAspectos religiosos
_xIglesia Católica
_2embne
650 7 _aEmigración e inmigración
_xPolítica gubernamental
_zEstados Unidos
_2embne
650 7 _aEmigrantes
_xPastoral
_2embne
650 7 _aMexicanos
_zEstados Unidos
_xSituación social
_2embne
700 1 _aGroody, Daniel G.
_d1964-
_eeditor
700 1 _aCampese, Gioacchino
_d1967-
_eeditor
700 1 _aRodríguez Maradiaga, Óscar Andrés
_d1942-
942 _cBK
956 _a2